000 00581 a2200181 4500
020 _a0030243475
020 _a9780030243479
082 _a520
090 _c797
_d797
100 1 _aPasachoff, Jay M.
245 1 0 _aAstronomy :
_bfrom the earth to the universe /
_cJay M. Pasachoff.
250 _a5th ed.
260 _a[S.l.] :
_bHarcourt College Pub,
_c1998.
300 _a704 p. ;
_c28 cm.
700 _aPasachoff, Jay M.
942 _aSNS
_cBK
_k520 PAS
999 _c29422
_d29422